Statistics for who does this baseball player play on

Click here to take the quiz!

General Stats

  • This quiz has been taken 37 times
  • The average score is 10 of 12

Answer Stats

HintAnswer% Correct
Mike TroutAngels
100%
Bryce HarperPhillies
96%
Vladimir Guerrero JrBlue Jays
92%
Jacob DegromMets
92%
Aaron JudgeYankees
92%
Ronald Acuna JrBraves
88%
Ian HappCubs
84%
Juan SotoPadres
84%
Tim AndersonWhite Sox
84%
Freddie FreemanDodgers
80%
Brandon BeltGiants
80%
Andrew MCutchenBrewers
52%

Score Distribution

Percentile by Number Answered

Percent of People with Each Score

Your Score History

You have not taken this quiz